000 00554nam a2200193Ia 4500
003 GCL
008 140319s9999 xx 000 0 ara d
040 _aGCL /
_cGCL
082 0 4 _aط
_b817.008
_bف ج
100 1 _aفاروق سعد
245 1 0 _aجحا ونوادره /
_cفاروق سعد
260 _a[S.N] :
_bمنشورات دار الافاق الجديدة ،
_c1990
300 _a283 ص
490 _a
650 0 4 _aالقصص العربية
650 0 4 _aالاطفال
650 0 4 _aالاهاجى والفكاهات
942 _2ddc
_cBK
999 _c56462
_d56462